Consideraciones sobre la XVI Cumbre de Presidentes (primera parte)
Shranjeno v:
| Format: | Texto |
|---|---|
| Teme: | |
| Oznake: |
Označite
Brez oznak, prvi označite!
|
MARC
| LEADER | 00000 a a2200000 04500 | ||
|---|---|---|---|
| 001 | 5942 | ||
| 003 | |||
| 040 | |||
| 245 | |a Consideraciones sobre la XVI Cumbre de Presidentes (primera parte) | ||
| 650 | |a CONFERENCIAS | ||
| 650 | |a JEFES DE ESTADO | ||
| 650 | |a DEMOCRACIA | ||
| 650 | |a CONFLICTOS SOCIALES | ||
| 650 | |a INDICADORES SOCIALES | ||
| 650 | |a ACUERDOS INTERNACIONALES | ||
| 650 | |a COOPERACION INTERNACIONAL | ||
| 650 | |a INDICADORES SOCIALES | ||
| 773 | |g volumen 15, número 656; páginas 6-7 | ||
| 999 | |c 21043 |d 21043 | ||
